Fundamentals of environmental sampling and analysis Chunlong (Carl) Zhang
Αποθηκεύτηκε σε:
| Κύριος συγγραφέας: | |
|---|---|
| Μορφή: | Sách |
| Γλώσσα: | Undetermined |
| Έκδοση: |
Wiley-Interscience
2007
|
| Θέματα: | |
| Ετικέτες: |
Προσθήκη ετικέτας
Δεν υπάρχουν, Καταχωρήστε ετικέτα πρώτοι!
|
| Thư viện lưu trữ: | Trung tâm Thư viện - Trường Đại học Công nghiệp TP. Hồ Chí Minh |
|---|
| LEADER | 00528nam a2200157Ia 4500 | ||
|---|---|---|---|
| 001 | UIH_07565 | ||
| 008 | 231011s9999 xx 000 0 und d | ||
| 082 | |a 628 | ||
| 100 | |a Zhang, Chunlong | ||
| 245 | 0 | |a Fundamentals of environmental sampling and analysis Chunlong (Carl) Zhang | |
| 245 | 0 | |c Zhang, Chunlong | |
| 260 | |b Wiley-Interscience | ||
| 260 | |c 2007 | ||
| 650 | |a Khoa học môi trường; | ||
| 927 | |a Sách | ||
| 980 | |a Trung tâm Thư viện - Trường Đại học Công nghiệp TP. Hồ Chí Minh | ||